02497nam a2200385 i 4500003001000000005001700010008004100027020003100068040001300099041000800112082001300120100004500133245004500178250002200223264005500245300005600300336002700356337002800383338002800411500080000439505015801239508017101397521003801568545007401606600008401680650003901764650004301803650004001846650002601886650002801912650003701940650002801977651006602005700004002071CO-BoRNBP20231121173807.0221119s2022 ck er 000 f spa d a9789585698420q(volumen 1) cCO-MqBPB0 aspa aANbROJc1 aRojas Herazo, Héctord1921-2002eautor10aCelia se pudre /cHéctor Rojas Herazo  aTercera edición 1aBarranquilla, ColombiabFundación IriArtesc2022 a4 volúmenes ; c20 cm,e1 folletobTapa Rústica atextobtxt2rdacontent ano mediadobn2rdamedia avolumenbnc2rdacarrier aEl folleto acompañante es una guía de lectura. Yo no soy de un pueblo, yo soy de un partido y todos mis endriagos y todas mis alegrías y todas mis ilusiones están siempre relacionadas con este patio que es el domicilio de mis razones de vivir. Así que el trópico me dio una sensación arrasante, un ímpetu avasallador y al mismo tiempo invasor. En Tolú, la casa nuestra era de boñiga de vaca y caña brava; entonces sentías que tu hábitat era inferior a ti como habitante. (...)a uno le daba la impresión de que aquello era tan frágil que se lo podía llevar el viento y teniendo un sentido tan profundo de tu propia fragilidad entonces eras más frágil y las circunstancias devoradoras del trópico me hicieron sentirlo como potencia invasora y magnificadora. 0 aVolumen 1. Capítulos 1-18 -- Volumen 2. Capítulos 19-37 -- Volumen 2. Capítulos 38-57 -- Volumen 3. Capítulos 58-77 -- Folleto: Guía de lectura aCoeditores: Fondo Mixto de Promoción de la Cultura y las Artes de Sucre, Editorial Universidad del Magdalena, Editorial La Iguana Ciega, Universidad del Atlántico aRecomendado para público adulto aIncluye datos biográficos del autor en el folleto guía de lectura14aRojas Herazo, Héctord1921-2002tCelia se pudrevCrítica e interpretación17aNovela colombiana ySiglo XX2LEMB17aLiteratura colombiana ySiglo XX2LEMB17aAutores colombianosySiglo XX2LEMB17aFamiliavNovela2LEMB17aEsperanzavNovela2LEMB17aCiudades y pueblosvNovela2LEMB17aRealismo mágico2LEMB 4aCaribe (Región, Colombia)xVida social y costumbresvNovela1 aEnciso, Andrea Julianaeprologuista